Report of the Comptroller and Auditor General of India, Meghalaya (Revenue Receipts) (Record no. 487590)

000 -LEADER
fixed length control field 00465cam a22001217a 4500
008 - FIXED-LENGTH DATA ELEMENTS--GENERAL INFORMATION
fixed length control field 180718b-- xxu||||| |||| 00| 0 eng d
082 ## - DEWEY DECIMAL CLASSIFICATION NUMBER
Classification number L906x54113 R
245 ## - TITLE STATEMENT
Title Report of the Comptroller and Auditor General of India, Meghalaya (Revenue Receipts)
260 ## - PUBLICATION, DISTRIBUTION, ETC.
Place of publication, distribution, etc. Shillong
Name of publisher, distributor, etc. Comptroller and Auditor General of India
Date of publication, distribution, etc. --
500 ## - GENERAL NOTE
General note Library has 2009/10-2010/11
650 ## - SUBJECT ADDED ENTRY--TOPICAL TERM
Topical term or geographic name entry element Auditing - India - Meghalaya
700 ## - ADDED ENTRY--PERSONAL NAME
Personal name Meghalaya. Comptroller and Auditor General of India
Holdings
Withdrawn status Lost status Damaged status Not for loan Permanent Location Current Location Date acquired Full call number Barcode Date last seen Price effective from Koha item type
        Indian Institute of Public Administration Indian Institute of Public Administration 2018-08-04 L906x54113 R GG31570 2018-08-04 2018-08-04 GG
        Indian Institute of Public Administration Indian Institute of Public Administration 2018-08-04 L906x54113 R GG31123 2018-08-04 2018-08-04 GG
        Indian Institute of Public Administration Indian Institute of Public Administration 2018-08-04 L906x54113 R GG31013 2018-08-04 2018-08-04 GG
        Indian Institute of Public Administration Indian Institute of Public Administration 2018-08-04 L906x54113 R GG30907 2018-08-04 2018-08-04 GG
        Indian Institute of Public Administration Indian Institute of Public Administration 2018-08-04 L906x54113 R GG30556 2018-08-04 2018-08-04 GG
        Indian Institute of Public Administration Indian Institute of Public Administration 2018-08-04 L906x54113 R GG29995 2018-08-04 2018-08-04 GG

Powered by Koha